[Event "Piestany Slovakia op-B"]
[White "Osvald, Jakub"]
[Black "Prakash, Vaishnavi"]
[Site "Piestany"]
[Round "6"]
[Result "1/2-1/2"]
[Date "2024.07.14"]
[WhiteElo "1513"]
[BlackElo "1630"]
[PlyCount "36"]
[EventDate "2024.07.09"]
[EventType "swiss"]
[EventRounds "9"]
[EventCountry "SVK"]
[SourceTitle "EXT 2025"]
[Source "ChessBase"]
[SourceDate "2024.10.14"]
[SourceVersion "1"]
[SourceVersionDate "2024.10.14"]
[SourceQuality "1"]

1. d4 d5 2. Bf4 e6 3. Nf3 Nf6 4. e3 c5 5. c3 Bd6 6. Ne5 Nc6 7. Nd2 0-0 8. Bd3 h6 9. Qf3 Qe7 10. Qh3 Bxe5 11. dxe5 Nh7 12. Nf3 d4 13. c4 f5 14. Qg3 g5 15. h4 Qg7 16. hxg5 hxg5 17. Bxg5 Nxg5 18. Nxg5 Nxe5 1/2-1/2

[Event "Piestany Slovakia op-B"]
[White "Osvald, Jakub"]
[Black "Ostrozlik, Filip"]
[Site "Piestany"]
[Round "4"]
[Result "1-0"]
[Date "2024.07.12"]
[WhiteElo "1513"]
[BlackElo "1546"]
[PlyCount "43"]
[EventDate "2024.07.09"]
[EventType "swiss"]
[EventRounds "9"]
[EventCountry "SVK"]
[SourceTitle "EXT 2025"]
[Source "ChessBase"]
[SourceDate "2024.10.14"]
[SourceVersion "1"]
[SourceVersionDate "2024.10.14"]
[SourceQuality "1"]

1. d4 Nf6 2. Bf4 g6 3. Nc3 Bg7 4. e4 d6 5. Qd2 0-0 6. 0-0-0 Nbd7 7. f3 Re8 8. g4 e5 9. dxe5 dxe5 10. Bh6 b6 11. Bxg7 Kxg7 12. Bb5 a6 13. Bc6 Rb8 14. g5 Ng8 15. Bxd7 Qxd7 16. Qxd7 Bxd7 17. Rxd7 Rbc8 18. Nd5 Red8 19. Rxd8 Rxd8 20. Nxc7 a5 21. Ne2 f6 22. Ne6+ 1-0

[Event "Piestany Slovakia op-B"]
[White "Stanko, Ivan"]
[Black "Osvald, Jakub"]
[Site "Piestany"]
[Round "1"]
[Result "1-0"]
[Date "2024.07.09"]
[WhiteElo "1829"]
[BlackElo "1513"]
[PlyCount "73"]
[EventDate "2024.07.09"]
[EventType "swiss"]
[EventRounds "9"]
[EventCountry "SVK"]
[SourceTitle "EXT 2025"]
[Source "ChessBase"]
[SourceDate "2024.10.14"]
[SourceVersion "1"]
[SourceVersionDate "2024.10.14"]
[SourceQuality "1"]

1. e4 c5 2. c3 d5 3. exd5 Qxd5 4. d4 Nc6 5. Nf3 Bg4 6. Be2 Nf6 7. 0-0 e6 8. Re1 Be7 9. Be3 cxd4 10. Nxd4 Nxd4 11. Bxd4 Bxe2 12. Qxe2 0-0 13. Nd2 Rfd8 14. Nf3 Qf5 15. Ne5 Nd7 16. Nc4 Bc5 17. Rad1 Bxd4 18. Rxd4 Nf6 19. Nd6 Qg5 20. Nxf7 Kxf7 21. Qxe6+ Kg6 22. h4 Qf5 23. h5+ Qxh5 24. g4 Qg5 25. Re5 Qc1+ 26. Kg2 Rxd4 27. Qf5+ Kf7 28. cxd4 Re8 29. g5 Qc6+ 30. f3 Rxe5 31. dxe5 Qe6 32. Qf4 Qxa2 33. gxf6 Qxb2+ 34. Kg3 Qb6 35. Qc4+ Qe6 36. Qc7+ Kg8 37. Qxg7# 1-0

[Event "Piestany Slovakia op-B"]
[White "Osvald, Jakub"]
[Black "Ondreicka, Roman"]
[Site "Piestany"]
[Round "5"]
[Result "1/2-1/2"]
[Date "2023.07.15"]
[WhiteElo "1187"]
[BlackElo "1432"]
[PlyCount "98"]
[EventDate "2023.07.11"]
[EventType "swiss"]
[EventRounds "9"]
[EventCountry "SVK"]
[SourceTitle "EXT 2024"]
[Source "ChessBase"]
[SourceDate "2023.10.10"]
[SourceVersion "1"]
[SourceVersionDate "2023.10.10"]
[SourceQuality "1"]

1. d4 d6 2. c4 Nf6 3. Nf3 g6 4. Nc3 Bg7 5. Bg5 0-0 6. e4 Bg4 7. Be2 Nbd7 8. Qd2 Bxf3 9. Bxf3 e5 10. d5 Nc5 11. Bh6 a5 12. h4 Nd3+ 13. Qxd3 Bxh6 14. g4 Bg7 15. Qd2 Qc8 16. g5 Nd7 17. h5 Nc5 18. 0-0-0 Bh8 19. Rh4 f5 20. hxg6 hxg6 21. Rdh1 Bg7 22. Qe2 Kf7 23. exf5 Qxf5 24. Ne4 Ke7 25. Nxc5 dxc5 26. Rh7 Rf7 27. Bg4 Qxg5+ 28. Kb1 Kd6 29. Be6 Re7 30. Qe3 Bf6 31. Rxe7 Bxe7 32. Rh7 Qxe3 33. fxe3 c6 34. e4 cxd5 35. cxd5 c4 36. Rh6 Kc5 37. Rxg6 Bd6 38. Rg3 Kd4 39. Bf5 b5 40. Rg6 Rd8 41. Rg7 a4 42. Kc2 Rh8 43. Rh7 Rxh7 44. Bxh7 b4 45. b3 a3 46. Bf5 Kc5 47. Bg6 Kb5 48. Bf5 Kc5 49. Bg6 Kd4 1/2-1/2